Η ανάπτυξη των επικοινωνιακών δεξιοτήτων των νηπίων, όπως προκύπτει από την ανάλυση περιεχομένου του σύγχρονου Οδηγού της διπλωματική εργασία [πτυχιακή εργασία]

Αποθηκεύτηκε σε:
Λεπτομέρειες βιβλιογραφικής εγγραφής
Κύριος συγγραφέας: Τερζοπούλου, Θεοδώρα
Συγγραφή απο Οργανισμό/Αρχή: Πανεπιστήμιο Αιγαίου Σχολή Ανθρωπιστικών Επιστημών Τμήμα Επιστημών της Προσχολικής Αγωγής και του Εκπαιδευτικού Σχεδιασμού
Άλλοι συγγραφείς: Κόνσολας, Μάνος Ν. (Εισηγητής διατριβής)
Μορφή: Thesis Βιβλίο
Γλώσσα:Greek
Δημοσίευση: 2009
Θέματα:
Διαθέσιμο Online:http://hdl.handle.net/11610/7501
Ετικέτες: Προσθήκη ετικέτας
Δεν υπάρχουν, Καταχωρήστε ετικέτα πρώτοι!

MARC

LEADER 00000cam a2200000 i 4500
001 1/17386
008 120123s2009 gre d
035 |l 10111695 
040 |a GR-MY-UA  |b gre  |e aacr 
041 0 |a gre 
082 0 |a 371.1022  |2 (22) 
100 1 |a Τερζοπούλου, Θεοδώρα. 
245 1 2 |a Η ανάπτυξη των επικοινωνιακών δεξιοτήτων των νηπίων, όπως προκύπτει από την ανάλυση περιεχομένου του σύγχρονου Οδηγού της /του νηπιαγωγού, αναφορικά με τον εκπαιδευτικό σχεδιασμό και τη διαμόρφωση ειδικών περιβαλλόντων μάθησης :  |b διπλωματική εργασία [πτυχιακή εργασία] /  |c Τερζοπούλου Θεοδώρα ; επιβλέπων: Κόνσολας Εμμανουήλ 
260 |c 2009 
300 |a 85 σ.;  |b εικ.;  |c 30 εκ. 
500 |a Μέλη εξεταστικής επιτροπής: Καϊλα Μαρία, Σταμάτης Παναγιώτης 
502 |a Πτυχιακή εργασία – Πανεπιστήμιο Αιγαίου, Ρόδος, 2009. 
504 |a Βιβλιογραφία: σ. 77-85 
650 0 0 |a Communication in education. 
650 0 0 |a Education, Preschool. 
650 0 0 |a Interaction analysis in education. 
650 0 0 |a Interpersonal communication. 
650 0 0 |a Dissertations, Academic  |z Greece. 
700 1 |a Κόνσολας, Μάνος Ν.  |4 ths 
710 2 |a Πανεπιστήμιο Αιγαίου  |b Σχολή Ανθρωπιστικών Επιστημών  |b Τμήμα Επιστημών της Προσχολικής Αγωγής και του Εκπαιδευτικού Σχεδιασμού. 
852 |a INST  |b RHODES  |c DIATR  |e 20120123  |h 371.1022 ΤΕΡ  |p 005400032401  |q 005400032401  |t DIE  |y 23 
852 |a INST  |b RHODES  |c DIATR  |e 20120123  |h 371.1022 ΤΕΡ  |p 005400032402  |q 005400032402  |t DIE  |y 23 
856 |u http://hdl.handle.net/11610/7501 
901 |a BIBL4-2012-1 
909 |a Ρ  |b 159649 
909 |a Ρ  |b 159650 
924 |a ΤΕΡΖΟΠΟΥΛΟΥ  |b ΘΕΟΔΩΡΑ  |y ΡΟΔΟΣ  |z 2009-06 
970 |z 2012/01/23